| 000 | 00521cam a22001934a 4500 | ||
|---|---|---|---|
| 005 | 20250807085423.0 | ||
| 008 | 250528s ||||||||||||||||||||||||d | ||
| 035 | _a21390 | ||
| 040 |
_aGR-AtMCL _bgre _dGR-AtMCL _eAACR2 |
||
| 245 | 1 | _aΟΡΓΑΝΩΣΗ ΚΑΙ ΔΙΟΙΚΗΣΗ | |
| 250 | _a1 | ||
| 260 |
_bΑυτοεκδοση, _c1992 |
||
| 300 | _a303 | ||
| 700 | 1 |
_aΤζωρτζάκη, Αλεξία _95622 |
|
| 700 | 1 |
_aΤζωρτζάκης, Κώστας _95623 |
|
| 942 | _cBK | ||
| 999 |
_c6453 _d6453 |
||